[Event "61st World Juniors 2024"]
[Site "Gandhinagar IND"]
[Date "2024.06.09"]
[Round "7.13"]
[White "Mnyasta, Charlton"]
[Black "Samant, Aditya S"]
[Result "0-1"]
[BlackTitle "GM"]
[WhiteElo "2174"]
[BlackElo "2469"]
[WhiteFideId "14343371"]
[BlackFideId "35080580"]
[EventDate "2024.06.02"]

1. e4 c6 2. d4 d5 3. exd5 cxd5 4. c4 Nf6 5. Nc3 Nc6 6. Nf3 a6 7. cxd5 Nxd5 8.
Bc4 Be6 9. Bb3 Na5 10. Ng5 Qd7 11. O-O Nxb3 12. Qxb3 Nxc3 13. Qxc3 Bd5 14. Re1
Qg4 15. f3 Qd7 16. Qd3 e6 17. Bf4 h6 18. Ne4 Be7 19. Nc3 O-O 20. Rad1 Rfd8 21.
b3 Rac8 22. Ne2 Qb5 23. Nc1 Qxd3 24. Nxd3 Rc3 25. Re2 a5 26. Kf2 a4 27. Nc1 axb3
28. axb3 Bxb3 29. Nxb3 Rxb3 30. Rc2 Bf6 31. Be3 b5 32. Rdd2 Rd7 33. Ke2 g5 34.
Rc8+ Kg7 35. Rb8 Rb1 36. h3 Rb4 37. Rb6 Rb3 38. Rb8 Rb1 39. Rb6 Rb4 40. Rb8 Rb3
41. Bf2 Rd5 42. Rb7 Kg6 43. Rb6 h5 44. Kd1 Rb4 45. Ke2 Rb1 46. Kd3 Rb3+ 47. Ke2
Bd8 48. Rb7 Ba5 49. Rd1 Rb2+ 50. Kf1 Bc3 51. Be3 b4 52. Kg1 e5 53. Ra1 exd4 54.
Ra6+ f6 55. Bf2 d3 56. Be3 d2 57. Bxd2 Rdxd2 58. Rb5 0-1

[Event "61st World Juniors 2024"]
[Site "Gandhinagar IND"]
[Date "2024.06.09"]
[Round "7.14"]
[White "Ayush, Sharma"]
[Black "Mayank, Chakraborty"]
[Result "0-1"]
[WhiteTitle "IM"]
[BlackTitle "IM"]
[WhiteElo "2325"]
[BlackElo "2425"]
[WhiteFideId "45010943"]
[BlackFideId "25659766"]
[EventDate "2024.06.02"]

1. c4 e5 2. d3 Nf6 3. Nf3 Nc6 4. a3 a5 5. g3 g6 6. Bg2 Bg7 7. O-O d6 8. Nc3 O-O
9. Rb1 Re8 10. Nd2 Bg4 11. h3 Be6 12. b4 axb4 13. axb4 d5 14. b5 Ne7 15. Kh2 c6
16. cxd5 cxd5 17. Nf3 e4 18. Ng5 e3 19. Na4 Nf5 20. f4 Nh5 21. Rf3 Bc8 22. h4
Nh6 23. Qb3 Qa5 24. Qxd5 Qe1 25. Bf1 Rxa4 26. Qb3 Ra1 27. Rxa1 Bxa1 28. Qa3 Bg7
29. Kg2 Nxg3 0-1

[Event "61st World Juniors 2024"]
[Site "Gandhinagar IND"]
[Date "2024.06.09"]
[Round "7.15"]
[White "Vaz, Ethan"]
[Black "Pawar, Harshit"]
[Result "1-0"]
[WhiteTitle "IM"]
[WhiteElo "2420"]
[BlackElo "2132"]
[WhiteFideId "25940783"]
[BlackFideId "366130595"]
[EventDate "2024.06.02"]

1. e4 e6 2. d4 d5 3. Nd2 Be7 4. Ngf3 Nf6 5. e5 Nfd7 6. Bd3 c5 7. c3 b6 8. Qe2 a5
9. O-O Ba6 10. Bxa6 Nxa6 11. Rd1 Nc7 12. Nf1 b5 13. dxc5 Nxc5 14. Nd4 Qd7 15.
Qg4 g6 16. Bg5 O-O 17. Ng3 Bxg5 18. Qxg5 Qd8 19. Qe3 Nd7 20. a4 bxa4 21. Rxa4 f5
22. Nge2 Qe8 23. b3 Qb8 24. Rda1 Qb6 25. h4 Nc5 26. R4a3 Ne4 27. Nf4 Ra6 28. b4
Rfa8 29. bxa5 Rxa5 30. Rxa5 Rxa5 31. Rc1 Ra6 32. Nfe2 Qb2 33. f3 Qd2 34. Qf4
Qxf4 35. Nxf4 Nd2 36. Rd1 Nc4 37. Rb1 Ra7 38. Rb8+ Kf7 39. Rh8 Kg7 40. Rd8 Nxe5
41. Ndxe6+ Nxe6 42. Nxe6+ Kf6 43. Nf4 Ra4 44. Nxd5+ Kf7 45. Nb4 Ra1+ 46. Kf2 Rc1
47. Rd5 Nc4 48. Rd7+ Ke6 49. Rc7 Rxc3 50. Kg3 Kd6 51. Rc6+ Ke5 52. Rc7 Kd6 53.
Rc8 Ke5 54. Nc6+ Kd5 55. Na5 h6 56. Kf4 Rc2 57. Nxc4 1-0

[Event "61st World Juniors 2024"]
[Site "Gandhinagar IND"]
[Date "2024.06.09"]
[Round "7.16"]
[White "Mishra, Abhimanyu"]
[Black "Bodrogi, Bendeguz"]
[Result "1/2-1/2"]
[WhiteTitle "GM"]
[BlackTitle "FM"]
[WhiteElo "2627"]
[BlackElo "2353"]
[WhiteFideId "30920019"]
[BlackFideId "790303"]
[EventDate "2024.06.02"]

1. e4 c6 2. d4 d5 3. e5 Bf5 4. Nd2 e6 5. Nb3 a6 6. Nf3 c5 7. dxc5 Bxc5 8. Nxc5
Qa5+ 9. c3 Qxc5 10. Nd4 Ne7 11. Qa4+ Nbc6 12. Be3 Qa5 13. Qxa5 Nxa5 14. Nxf5
Nxf5 15. Bb6 Nc4 16. Bxc4 dxc4 17. a4 Ne7 18. a5 Nd5 19. Bd4 Rc8 20. Kd2 f5 21.
exf6 gxf6 22. Rhe1 Kf7 23. Kc2 h5 24. Ra4 Rc6 25. Re4 e5 26. Ba7 Ra8 27. Bb6
Rac8 28. g3 Kg6 1/2-1/2

[Event "61st World Juniors 2024"]
[Site "Gandhinagar IND"]
[Date "2024.06.09"]
[Round "7.17"]
[White "Subelj, Jan"]
[Black "Kanyamarala, Tarun"]
[Result "1/2-1/2"]
[WhiteTitle "GM"]
[BlackTitle "IM"]
[WhiteElo "2514"]
[BlackElo "2333"]
[WhiteFideId "14618583"]
[BlackFideId "45004714"]
[EventDate "2024.06.02"]

1. e4 c5 2. Nf3 e6 3. d4 cxd4 4. Nxd4 a6 5. Bd3 Ne7 6. O-O Nbc6 7. Nb3 g6 8. c4
Bg7 9. Nc3 O-O 10. f4 d5 11. e5 f6 12. exf6 Bxf6 13. Kh1 Bg7 14. Qe2 Nf5 15.
Bxf5 Rxf5 16. Be3 d4 17. Rad1 e5 18. fxe5 Rxf1+ 19. Qxf1 Bg4 20. Rxd4 Nxd4 21.
Bxd4 Qf8 22. Qe1 Qb4 23. h3 Be6 24. Qh4 Qxc4 25. Nd2 Qd3 26. Nde4 h6 27. Nf6+
Kh8 28. Qf2 Rd8 29. Bb6 Rc8 30. Kh2 Rc4 31. Ne2 Qf5 32. Qe3 Qg5 33. Qxg5 hxg5
34. Nd4 Bc8 35. b3 Rc1 36. Nf3 Bh6 37. Be3 g4 38. Bxc1 gxf3 39. e6 Bxe6 40. Bb2
fxg2 41. Kxg2 Bg7 42. Kg3 Bxf6 1/2-1/2

[Event "61st World Juniors 2024"]
[Site "Gandhinagar IND"]
[Date "2024.06.09"]
[Round "7.18"]
[White "Srihari, L R"]
[Black "Adireddy, Arjun"]
[Result "1-0"]
[WhiteTitle "IM"]
[BlackTitle "FM"]
[WhiteElo "2495"]
[BlackElo "2306"]
[WhiteFideId "46617116"]
[BlackFideId "25647709"]
[EventDate "2024.06.02"]

1. e4 c5 2. Nf3 d6 3. Bb5+ Bd7 4. Bxd7+ Qxd7 5. c4 Nc6 6. Nc3 g6 7. d4 cxd4 8.
Nxd4 Bg7 9. Be3 Nf6 10. f3 O-O 11. O-O Rfc8 12. b3 e6 13. Qd2 d5 14. cxd5 exd5
15. Nxc6 bxc6 16. e5 Ne8 17. f4 f6 18. Rae1 fxe5 19. fxe5 Bxe5 20. Bc5 Bd6 21.
Qd4 Bxc5 22. Qxc5 Nd6 23. Nxd5 cxd5 24. Qxd5+ Kh8 25. Re6 Rc6 26. Rd1 Rd8 27. h3
Qf7 28. Qe5+ Qg7 29. Rdxd6 Rc1+ 30. Kf2 Rc2+ 31. Kf3 Rf8+ 32. Rf6 Rfc8 33. Kg3
R2c7 34. Qd4 Re8 35. Rd8 Re7 36. Rf8+ 1-0

[Event "61st World Juniors 2024"]
[Site "Gandhinagar IND"]
[Date "2024.06.09"]
[Round "7.19"]
[White "Avinash, Ramesh"]
[Black "Davtyan, Arsen"]
[Result "1/2-1/2"]
[WhiteTitle "IM"]
[BlackTitle "IM"]
[WhiteElo "2252"]
[BlackElo "2415"]
[WhiteFideId "45018340"]
[BlackFideId "13309315"]
[EventDate "2024.06.02"]

1. e4 c5 2. Nf3 e6 3. d4 cxd4 4. Nxd4 Nf6 5. Nc3 Nc6 6. Be2 Bb4 7. O-O Bxc3 8.
bxc3 Nxe4 9. Nxc6 dxc6 10. Bd3 Nc5 11. Qg4 Qf6 12. Bg5 Qxc3 13. Rad1 O-O 14. Bd2
Qf6 15. Bg5 Qc3 16. Bd2 Qf6 17. Bg5 Qc3 18. Bd2 Qf6 1/2-1/2

[Event "61st World Juniors 2024"]
[Site "Gandhinagar IND"]
[Date "2024.06.09"]
[Round "7.20"]
[White "Sushanth, Kamabathula"]
[Black "Wafa, Hamed"]
[Result "1/2-1/2"]
[BlackTitle "IM"]
[WhiteElo "2131"]
[BlackElo "2396"]
[WhiteFideId "25712667"]
[BlackFideId "10628452"]
[EventDate "2024.06.02"]

1. e4 e5 2. Nf3 Nc6 3. Bc4 Bc5 4. d3 Nf6 5. Bg5 h6 6. Bh4 d6 7. Nc3 g5 8. Bg3
Bg4 9. Nb1 Nd4 10. Nbd2 Nxf3+ 11. Nxf3 Nh5 12. h3 Nxg3 13. fxg3 Bd7 14. Qd2 Qe7
15. O-O-O O-O-O 16. g4 f6 17. Qe2 a5 18. a3 b5 19. d4 exd4 20. Bxb5 c6 21. Ba4
Kc7 22. Rhe1 Rb8 23. Qd3 Rhd8 24. Nxd4 Bxd4 25. Qxd4 c5 26. Qc3 Bxa4 27. Qxa5+
Rb6 28. Qa7+ Rb7 29. Qa5+ Rb6 30. Qa7+ Rb7 31. Qa5+ 1/2-1/2

[Event "61st World Juniors 2024"]
[Site "Gandhinagar IND"]
[Date "2024.06.09"]
[Round "7.21"]
[White "Tleukhanov, Yerlan"]
[Black "Anuj, Shrivatri"]
[Result "0-1"]
[BlackTitle "IM"]
[WhiteElo "2025"]
[BlackElo "2390"]
[WhiteFideId "13749692"]
[BlackFideId "35070924"]
[EventDate "2024.06.02"]

1. e4 c5 2. Nf3 d6 3. d4 cxd4 4. Nxd4 Nf6 5. Nc3 a6 6. Bg5 Nbd7 7. Bc4 Qb6 8.
Bb3 e6 9. Qd2 Be7 10. O-O-O Nc5 11. f3 Qc7 12. g4 b5 13. a3 Rb8 14. Kb1 Bd7 15.
Rhe1 O-O 16. Bf4 e5 17. g5 Nh5 18. Nd5 Qd8 19. Nf5 Bxf5 20. exf5 Nxf4 21. Nxe7+
Qxe7 22. Qxf4 Qd7 23. Qg4 b4 24. a4 Nxb3 25. cxb3 Rfe8 26. Rd5 Rb6 27. Red1 Rc6
28. Qe4 g6 29. f6 h6 30. gxh6 Kh7 31. Ka2 Qe6 32. Qxb4 Qxf6 33. Rxd6 Rxd6 34.
Rxd6 Qxf3 35. Rxa6 Kxh6 36. Qb5 Re7 37. Qb8 Kg5 38. h4+ Kh5 39. Qd8 Qb7 40. Qd2
Kxh4 41. Rf6 Qd7 42. Qh6+ Kg4 43. Rf1 Qd5 44. Qe3 Rb7 45. Qg1+ Kh5 46. Qe3 Rb4
47. Qh3+ Kg5 48. Qe3+ Rf4 49. Rc1 Kf6 50. Qb6+ Kg7 51. Ka3 e4 52. Rc5 Qd4 53.
Qb4 Qxb4+ 54. Kxb4 e3+ 55. Ka3 Re4 56. Rc1 e2 57. Re1 f5 58. a5 f4 59. a6 f3 60.
a7 Re8 61. b4 Ra8 62. b5 f2 63. Rxe2 f1=Q 64. Re7+ Kf6 0-1

[Event "61st World Juniors 2024"]
[Site "Gandhinagar IND"]
[Date "2024.06.09"]
[Round "7.22"]
[White "Sriansh Das"]
[Black "Ozenir, Ekin Baris"]
[Result "1/2-1/2"]
[BlackTitle "IM"]
[WhiteElo "2016"]
[BlackElo "2390"]
[WhiteFideId "45030081"]
[BlackFideId "6357415"]
[EventDate "2024.06.02"]

1. e4 c5 2. Nf3 d6 3. d4 cxd4 4. Nxd4 Nf6 5. Nc3 a6 6. Be3 e5 7. Nb3 Be6 8. Qd2
Nbd7 9. O-O-O Be7 10. f4 b5 11. f5 Bc4 12. Bd3 Rc8 13. Kb1 O-O 14. Rhg1 b4 15.
Ne2 Ng4 16. h3 Nxe3 17. Qxe3 a5 18. Bxc4 Rxc4 19. Qd3 Rc8 20. g4 a4 21. Nbc1 Re8
22. g5 Bf8 23. g6 Nf6 24. gxf7+ Kxf7 25. Qb5 a3 26. b3 Qc7 27. c3 bxc3 28. Kc2
Qa7 29. Ng3 Red8 30. Qe2 Kg8 31. Nd3 Qb7 32. Rde1 d5 33. h4 Kh8 34. Rg2 dxe4 35.
Nxe4 Rxd3 36. Qxd3 Nd5 37. Qf3 Nb4+ 38. Kc1 c2 39. Ng5 Qxf3 40. Nf7+ Kg8 41.
Nh6+ 1/2-1/2

[Event "61st World Juniors 2024"]
[Site "Gandhinagar IND"]
[Date "2024.06.09"]
[Round "7.23"]
[White "Domalchuk-Jonasson, Aleksandr"]
[Black "Bizhigitov, Zhangir"]
[Result "1-0"]
[WhiteTitle "IM"]
[BlackTitle "FM"]
[WhiteElo "2380"]
[BlackElo "2212"]
[WhiteFideId "14142805"]
[BlackFideId "13725599"]
[EventDate "2024.06.02"]

1. d4 Nf6 2. c4 e6 3. Nf3 d5 4. Nc3 Bb4 5. Qa4+ Nc6 6. a3 Bxc3+ 7. bxc3 Bd7 8.
cxd5 exd5 9. Bg5 h6 10. Bh4 O-O 11. Qc2 Re8 12. e3 g5 13. Bg3 Ne4 14. Bd3 h5 15.
c4 Nxg3 16. hxg3 g4 17. Nd2 Qg5 18. Kf1 dxc4 19. Nxc4 Be6 20. Nd2 Bd5 21. Ne4
Bxe4 22. Bxe4 Ne7 23. Qxc7 Nd5 24. Bxd5 Qxd5 25. Rc1 Rac8 26. Qxc8 Rxc8 27.
Rxc8+ Kg7 28. Rc5 Qb3 29. Kg1 Qb1+ 30. Kh2 Qb2 31. Rf1 Qxa3 32. Kg1 Qd3 33. Rcc1
h4 34. Rcd1 Qe4 35. gxh4 Qd5 36. e4 Qd6 37. g3 a5 38. d5 b5 39. e5 Qd7 40. Rfe1
Kf8 41. e6 1-0

[Event "61st World Juniors 2024"]
[Site "Gandhinagar IND"]
[Date "2024.06.09"]
[Round "7.25"]
[White "Gaikwad Manas"]
[Black "Sanket, Chakravarty"]
[Result "0-1"]
[BlackTitle "IM"]
[WhiteElo "1957"]
[BlackElo "2357"]
[WhiteFideId "25912410"]
[BlackFideId "25032038"]
[EventDate "2024.06.02"]

1. e4 e5 2. Nf3 Nc6 3. Bc4 Bc5 4. c3 Nf6 5. d3 h6 6. O-O d6 7. Qe2 O-O 8. Bb3
Bb6 9. Nbd2 Ne7 10. Nc4 Ng6 11. d4 Qe7 12. dxe5 dxe5 13. Ne3 Bxe3 14. Bxe3 Nh5
15. g3 Bg4 16. h3 Bxh3 17. Ng5 Nhf4 18. gxf4 Bxf1 19. Qh5 Nxf4 20. Bxf4 exf4 21.
Nxf7 Rxf7 22. Qxf7+ Qxf7 23. Bxf7+ Kxf7 24. Kxf1 Rd8 25. Ke2 Kf6 26. f3 g5 27.
Rh1 Kg6 28. b4 h5 29. Rg1 b5 30. Rg2 Rd6 31. Rf2 Rf6 32. Rg2 g4 33. e5 Rf5 34.
Kf1 Kg5 35. Re2 gxf3 36. Re4 Rf7 37. Kf2 Kg4 38. Re1 Rd7 39. e6 Rd2+ 40. Kf1 Kg3
41. Re5 f2 0-1

[Event "61st World Juniors 2024"]
[Site "Gandhinagar IND"]
[Date "2024.06.09"]
[Round "7.26"]
[White "Srihari, L"]
[Black "Bhoir Paras Dilip"]
[Result "1-0"]
[WhiteTitle "IM"]
[WhiteElo "2400"]
[BlackElo "2016"]
[WhiteFideId "46642056"]
[BlackFideId "25763695"]
[EventDate "2024.06.02"]

1. e4 c5 2. Nf3 d6 3. d4 cxd4 4. Nxd4 Nf6 5. Nc3 g6 6. Be3 Bg7 7. f3 O-O 8. Bc4
Nc6 9. Qd2 Bd7 10. O-O-O Rb8 11. Bb3 Na5 12. h4 b5 13. h5 Nc4 14. Bxc4 bxc4 15.
Nde2 Qa5 16. Bh6 Qb4 17. Qf4 Qxb2+ 18. Kd2 Bxh6 19. Qxh6 Qb4 20. Nf4 Bc6 21.
hxg6 fxg6 22. Ne6 Kf7 23. Ng5+ Ke8 24. Rb1 a5 25. a3 Qxb1 26. Rxb1 Rxb1 27. Nxb1
Rg8 28. Nxh7 Nd7 29. Nc3 Ne5 30. Ng5 Kd7 31. Qh3+ Kc7 32. f4 Nd7 33. Qe6 Rg7 34.
Qxc4 Nb6 35. Nd5+ Kb7 36. Nxb6 Kxb6 37. Qd4+ Kc7 38. Qxg7 Kd7 39. f5 gxf5 40.
exf5 Bxg2 41. f6 Kc6 42. fxe7 Kb6 43. Qd4+ Kb7 44. e8=Q Bc6 45. Qe7+ Ka6 46.
Qea7+ 1-0

[Event "61st World Juniors 2024"]
[Site "Gandhinagar IND"]
[Date "2024.06.09"]
[Round "7.27"]
[White "Fecker, Noah"]
[Black "Singh, Siddharth"]
[Result "1/2-1/2"]
[WhiteTitle "FM"]
[WhiteElo "2390"]
[BlackElo "2050"]
[WhiteFideId "1334263"]
[BlackFideId "39907023"]
[EventDate "2024.06.02"]

1. e4 e6 2. d4 d5 3. e5 c5 4. c3 Nc6 5. Nf3 Bd7 6. Be2 Nge7 7. Na3 cxd4 8. cxd4
Nf5 9. Nc2 Qb6 10. O-O Rc8 11. Kh1 Na5 12. g4 Ne7 13. b3 Bb5 14. Ba3 Bxe2 15.
Qxe2 Ng6 16. Bxf8 Kxf8 17. Rac1 h5 18. g5 Ke7 19. Ne3 Rc6 20. Rxc6 Nxc6 21. Rc1
Rc8 22. Qd2 Kd7 23. Rc2 Nce7 24. Rxc8 Nxc8 25. Kg1 Nce7 26. Kf1 Nc6 27. Nd1 Nge7
28. Ne3 Ng6 29. Nd1 Nge7 30. Ne3 Ng6 1/2-1/2

[Event "61st World Juniors 2024"]
[Site "Gandhinagar IND"]
[Date "2024.06.09"]
[Round "7.28"]
[White "Oluka Robert Mcligeyo"]
[Black "Manish Anto, Cristiano F"]
[Result "0-1"]
[BlackTitle "IM"]
[WhiteElo "2050"]
[BlackElo "2307"]
[WhiteFideId "10814647"]
[BlackFideId "25095927"]
[EventDate "2024.06.02"]

1. Nf3 Nf6 2. c4 e6 3. e3 d5 4. Nc3 c6 5. b3 Bd6 6. Be2 O-O 7. Qc2 e5 8. cxd5
cxd5 9. Nb5 Nc6 10. Nxd6 Qxd6 11. Bb2 Bg4 12. d4 e4 13. Ne5 Rac8 14. Nxg4 Nxg4
15. Qd1 Nxh2 16. g3 Qb4+ 17. Qd2 Nf3+ 18. Bxf3 exf3 19. Bc3 Qb5 20. O-O-O Qe2
21. Kb2 Qxd2+ 22. Rxd2 f5 23. Rh4 Nd8 24. Rd1 Ne6 25. Rdh1 h6 26. Bb4 Rf7 27.
Bd6 Ng5 28. Be5 Ne4 29. Rf1 Rc6 30. Rh2 Rf8 31. Rg1 Rfc8 32. g4 Rc2+ 33. Kb1 f4
34. g5 hxg5 35. exf4 Re2 0-1

[Event "61st World Juniors 2024"]
[Site "Gandhinagar IND"]
[Date "2024.06.09"]
[Round "7.29"]
[White "Lopez Rayo, Santiago"]
[Black "Swarna Nihal"]
[Result "1-0"]
[WhiteTitle "FM"]
[WhiteElo "2277"]
[BlackElo "1949"]
[WhiteFideId "4455665"]
[BlackFideId "25683640"]
[EventDate "2024.06.02"]

1. e4 c5 2. Nf3 d6 3. d4 cxd4 4. Nxd4 Nf6 5. Nc3 Nc6 6. Bg5 Qb6 7. Nb3 Be6 8.
Be2 h6 9. Be3 Qd8 10. f4 g6 11. O-O Qc8 12. Qe1 Ng4 13. Bd2 Bg7 14. h3 Nf6 15.
Qg3 h5 16. Bd3 h4 17. Qf2 Nb4 18. Be3 Bxh3 19. gxh3 Qxh3 20. Qf3 Qc8 21. Kh1
Nxd3 22. cxd3 Qd7 23. Bd4 e5 24. fxe5 Nh5 25. e6 Ng3+ 26. Kg2 fxe6 27. Bxg7 Qxg7
28. Qf6 Qxf6 29. Rxf6 Nh5 30. Rf2 g5 31. Ne2 g4 32. Rh1 h3+ 33. Kh2 e5 34. Rg1
Rc8 35. Rxg4 Rc2 36. Rh4 Rf8 37. Rxf8+ Kxf8 38. Rxh5 Rxe2+ 39. Kxh3 Rxb2 40. Rh7
Rxa2 41. Rxb7 a5 42. Kg3 a4 43. Nc1 Rd2 44. Kf3 a3 45. Ke3 Rd1 46. Rc7 Rh1 47.
Kd2 Rh2+ 48. Ne2 Rh1 49. Ra7 Ra1 50. Nc3 Kg8 51. Nb5 a2 52. Nc3 Kf8 53. Nxa2 Ke8
54. Kc2 Kd8 55. Kb2 Rd1 56. Nb4 Kc8 57. Kb3 Rc1 58. Rh7 Rc5 59. Nd5 Rc1 60. Nb6+
Kb8 61. Nc4 Rd1 62. Kc2 Rg1 63. Nxd6 Rg6 64. Nc4 Re6 65. Rh5 Kc7 66. Rxe5 1-0

[Event "61st World Juniors 2024"]
[Site "Gandhinagar IND"]
[Date "2024.06.09"]
[Round "7.30"]
[White "Harshad, S"]
[Black "Jihan Tejas Shah"]
[Result "1/2-1/2"]
[WhiteTitle "FM"]
[WhiteElo "2272"]
[BlackElo "1956"]
[WhiteFideId "46616551"]
[BlackFideId "33370109"]
[EventDate "2024.06.02"]

1. e4 c5 2. Nf3 Nc6 3. d4 cxd4 4. Nxd4 g6 5. c4 Bg7 6. Be3 Qb6 7. Nb3 Qd8 8. Qd2
Nf6 9. Nc3 Ng4 10. Bf4 d6 11. h3 Nge5 12. Bh6 Bxh6 13. Qxh6 Be6 14. f4 Nd7 15.
Be2 Qb6 16. f5 gxf5 17. exf5 Bxf5 18. Nd5 Qd8 19. O-O Bg6 20. Bh5 Rg8 21. Rae1
Nce5 22. Nd4 Nb6 23. Bxg6 hxg6 24. Kh1 Nxd5 25. cxd5 Qa5 26. Rd1 O-O-O 27. Nf3
f6 28. Qh7 Rge8 29. Nxe5 dxe5 30. Qxg6 Qxa2 31. d6 exd6 32. Rxf6 d5 33. Re6 Rg8
34. Qf5 Kb8 35. Qxe5+ Ka8 36. Qd4 a6 37. Re3 Qa5 38. Red3 Qb5 39. R3d2 Rgf8 40.
Kh2 Rf1 41. Qh4 Rg8 42. Qh7 Rgf8 43. Qd3 Rxd1 44. Rxd1 Qxb2 45. Qxd5 Qf2 46. Rd2
Qf4+ 47. g3 Qe3 48. h4 Rf2+ 49. Rxf2 Qxf2+ 50. Kh3 Qf1+ 51. Kg4 Qe2+ 52. Kf4
Qf2+ 53. Kg4 Qe2+ 54. Qf3 Qe6+ 55. Qf5 Qe2+ 56. Kh3 Qe1 57. h5 a5 58. Kh4 Qe7+
59. Kg4 Qe2+ 60. Kg5 Qe3+ 61. Qf4 Qe7+ 62. Kg6 Qe8+ 63. Kg5 Qe7+ 64. Qf6 Qe3+
65. Kh4 a4 66. Qd8+ Ka7 67. Qa5+ Kb8 68. Qd8+ Ka7 69. Qa5+ Kb8 70. Qxa4 Qg1 71.
Qf4+ Ka7 72. h6 Qh1+ 73. Kg5 Qd5+ 74. Kg4 Qd1+ 75. Kf5 Qd7+ 76. Kg6 Qe6+ 77. Kh5
Qd5+ 78. Qg5 Qh1+ 79. Kg6 Qe4+ 80. Qf5 Qe8+ 81. Kg5 Qe3+ 82. Qf4 Qe7+ 83. Kh5
Qe8+ 84. Kh4 Qe1 85. Qd4+ Ka8 86. Qd5 Qe7+ 87. Kh3 Qf6 88. Qg8+ Ka7 89. h7 Qf1+
90. Kh4 Qh1+ 91. Kg5 Qc1+ 92. Kg6 Qc2+ 93. Kf6 Qc3+ 94. Ke7 Qc7+ 95. Ke6 Qc4+
96. Ke5 Qc3+ 97. Ke4 Qe1+ 98. Kd3 Qd1+ 99. Kc3 Qc1+ 100. Kb3 Qe3+ 101. Ka2 Qd2+
102. Ka3 Qd3+ 103. Ka4 Qd4+ 104. Kb5 Qe5+ 105. Kc4 Qe4+ 106. Kc5 Qe5+ 107. Kc4
Qe4+ 108. Kc3 Qe3+ 109. Kb2 Qd2+ 110. Ka1 Qc1+ 111. Ka2 Qc2+ 112. Ka3 Qd3+ 113.
Kb4 Qe4+ 114. Ka3 Qd3+ 115. Ka4 Qd4+ 116. Ka3 Qd3+ 117. Kb2 Qd2+ 118. Kb3 Qd3+
119. Kb4 Qe4+ 120. Kc5 Qe5+ 121. Kb4 Qe4+ 122. Kc5 Qe5+ 1/2-1/2

[Event "61st World Juniors 2024"]
[Site "Gandhinagar IND"]
[Date "2024.06.09"]
[Round "7.34"]
[White "Sri Charan Sandipagu"]
[Black "Jani, Kushal R"]
[Result "0-1"]
[WhiteElo "1924"]
[BlackElo "2192"]
[WhiteFideId "25174657"]
[BlackFideId "25679988"]
[EventDate "2024.06.02"]

1. e4 e5 2. Nf3 Nc6 3. d4 exd4 4. Nxd4 Nf6 5. Nc3 Bb4 6. Nxc6 bxc6 7. Bd3 O-O 8.
O-O Re8 9. Re1 d6 10. Bg5 Qe7 11. e5 dxe5 12. Ne4 Bxe1 13. Bxf6 gxf6 14. Qh5 f5
15. Ng5 Qf6 16. Qxh7+ Kf8 17. Qh4 Qg6 18. Rxe1 Kg7 19. Re3 e4 20. Rg3 exd3 21.
Nf3 Re4 22. Rxg6+ fxg6 23. Qd8 dxc2 24. Qxc7+ Kh6 25. Qxc6 Re2 26. Qc4 Be6 27.
Qf4+ Kg7 28. Kf1 Rc8 29. Kxe2 c1=Q 30. Qe5+ Kh6 31. Nd4 Bc4+ 32. Kf3 Qd1+ 33.
Kf4 g5+ 34. Kxf5 Rf8+ 0-1

[Event "61st World Juniors 2024"]
[Site "Gandhinagar IND"]
[Date "2024.06.09"]
[Round "7.35"]
[White "Md Imran"]
[Black "Arshpreet Singh"]
[Result "1-0"]
[WhiteTitle "FM"]
[WhiteElo "2180"]
[BlackElo "1932"]
[WhiteFideId "25748580"]
[BlackFideId "25902113"]
[EventDate "2024.06.02"]

1. Nf3 d5 2. e3 Nf6 3. b3 c5 4. Bb2 e6 5. c4 Be7 6. Be2 O-O 7. O-O b6 8. cxd5
Nxd5 9. Nc3 Nxc3 10. Bxc3 Bb7 11. d4 Bf6 12. Rc1 Nd7 13. dxc5 Nxc5 14. b4 Ne4
15. Qxd8 Rfxd8 16. Bxf6 gxf6 17. Rc7 Bd5 18. Nd4 a5 19. f3 Nd6 20. a3 axb4 21.
axb4 Ra2 22. Rd1 f5 23. Bf1 Kf8 24. g4 fxg4 25. e4 e5 26. Nb5 Nxb5 27. Bxb5 gxf3
28. exd5 e4 29. d6 e3 30. Rxf7+ Kxf7 31. Bc4+ Ke8 32. Bxa2 Kd7 33. Bc4 Rf8 34.
Rd4 Ra8 35. Bb5+ Kd8 36. Rd1 Ra2 37. Rc1 Rg2+ 38. Kh1 Rg5 39. Bc6 Rf5 40. Ra1 f2 1-0

[Event "61st World Juniors 2024"]
[Site "Gandhinagar IND"]
[Date "2024.06.09"]
[Round "7.36"]
[White "Kalyani Sirin"]
[Black "Arul Prakash N"]
[Result "0-1"]
[WhiteTitle "WFM"]
[WhiteElo "2163"]
[BlackElo "1907"]
[WhiteFideId "33323500"]
[BlackFideId "45061114"]
[EventDate "2024.06.02"]

1. e4 c5 2. Nf3 d6 3. d4 cxd4 4. Qxd4 Nc6 5. Qe3 Nf6 6. Be2 g6 7. O-O Bg7 8. h3
O-O 9. Rd1 Nd7 10. c4 Qb6 11. Qd2 Nc5 12. Nc3 Bxc3 13. Qxc3 Nxe4 14. Qe1 Be6 15.
Bh6 Rfc8 16. Bd3 Nc5 17. b3 a5 18. Bc2 a4 19. Qc3 f6 20. Rab1 Qb4 21. Qe3 axb3
22. Rxb3 Qa4 23. Rc3 Qxa2 24. Nd4 Nxd4 25. Rxd4 Kf7 26. Kh2 Ra5 27. Rh4 Na4 28.
Bf4 Rh5 29. Rxh5 gxh5 30. Bb3 Qa3 31. c5 Bxb3 32. Rxb3 Qxc5 33. Qe4 b5 34. Qxh7+
Ke8 35. Re3 Rc7 36. Re6 Qc4 37. Re4 Qd5 38. Bg3 Nc5 39. Re3 Ne6 40. Rd3 Qc5 41.
Qg8+ Nf8 42. Re3 Rd7 43. Qh8 Qf5 44. Ra3 Rd8 45. Re3 Kf7 46. Bh4 Qg6 47. g4 hxg4
48. hxg4 Ne6 49. Qh5 Qxh5 50. gxh5 Rh8 0-1

[Event "61st World Juniors 2024"]
[Site "Gandhinagar IND"]
[Date "2024.06.09"]
[Round "7.37"]
[White "Rohith S"]
[Black "Alekhya, Mukhopadhyay"]
[Result "1-0"]
[WhiteElo "1866"]
[BlackElo "2130"]
[WhiteFideId "45075360"]
[BlackFideId "25600826"]
[EventDate "2024.06.02"]

1. e4 c5 2. Nf3 e6 3. d4 cxd4 4. Nxd4 Nc6 5. Nc3 Qc7 6. Be3 a6 7. g4 b5 8. Nxc6
Qxc6 9. Qd2 Nf6 10. f3 d6 11. O-O-O Bb7 12. h4 Be7 13. a3 Rc8 14. g5 Nd7 15. h5
Ne5 16. Be2 Nc4 17. Bxc4 Qxc4 18. g6 a5 19. gxf7+ Kxf7 20. Bg5 b4 21. Qf4+ Bf6
22. Bxf6 gxf6 23. Qxd6 Bc6 24. Rhg1 Rhe8 25. h6 Rg8 26. Rxg8 Rxg8 27. Qc7+ Kg6
28. Rg1+ Kh5 29. Qh2# 1-0